Corporate financial management (Record no. 182355)

MARC details
000 -LEADER
fixed length control field 00412nam a2200157Ia 4500
005 - DATE AND TIME OF LATEST TRANSACTION
control field 20250428170634.0
008 - FIXED-LENGTH DATA ELEMENTS--GENERAL INFORMATION
fixed length control field 231217s9999 xx 000 0 und d
020 ## - INTERNATIONAL STANDARD BOOK NUMBER
International Standard Book Number 9780134335339
082 ## - DEWEY DECIMAL CLASSIFICATION NUMBER
Classification number 658.1 EME;1 R
100 ## - MAIN ENTRY--PERSONAL NAME
Personal name Emery, Douglas R. Finnerty, John D.
245 #0 - TITLE STATEMENT
Title Corporate financial management
260 ## - PUBLICATION, DISTRIBUTION, ETC. (IMPRINT)
Date of publication, distribution, etc. 1997
Name of publisher, distributor, etc. Prentice Hall
Place of publication, distribution, etc. New Jersey
300 ## - PHYSICAL DESCRIPTION
Extent xxii+999
650 ## - SUBJECT ADDED ENTRY--TOPICAL TERM
Topical term or geographic name as entry element abc
942 ## - ADDED ENTRY ELEMENTS (KOHA)
Koha item type Books
Holdings
Date last seen Total Checkouts Full call number Accession number Old discount Price effective from Category Lost status Damaged status Department Withdrawn status bill date Permanent Location Current Location Shelving location Entry date Vendor Grants Currency symbol Conversion rate Discount Discount type
26/01/2024   658.1 EME;1 R 52894   26/01/2024 Books     CS   26/06/2012 Central Library Central Library CS 25/02/2009 Publisher DONATED RS 1   Rupees

© For any Suggestions or Query, please contact the library staff @ librarian@pes.edu or Phone: +9180 2672 1983/ 2108.